00400nam a2200121 a 450000100100000000500170001000800410002704000250006811000450009324500830013826000370022130000200025800004506620201002045841.0150130s19uu dr 000 0 spa d aDO-SdBNPbspacBNPHU1 aInstituto Dominicano de Seguros Sociales10aProyecto de Ley sobre seguridad social presentado al Senado de la República. aSanto Domingo :b[s.f],c[s.f.]. a63 p. ;c21 cm.